000 00936nas a2200277 4500
001 BR8401614
003 BR-BrBNA
005 20231205085846.0
007 ta
008 230509b bl.|||p| |||| 00| 00por d
040 _aBR-BrBNA
_bpor
_cBiblioteca Nacional de Agricultura
041 _a(Pt)
072 _aF28; F00
100 1 _aArruda, F.B.
245 1 _aDeterminacao da cobertura do solo durante o ciclo das culturas [milho, Zea mays, feijao, Phaseolus vulgaris]
246 1 _aDetermining the crop ground cover during growth seasons [maize, Zea mays, bean, Phaseolus vulgaris]
650 _aMILHO
650 _aFEIJAO
650 _aCOBERTURA VEGETAL
650 _aFOTOGRAFIA
650 _aSOMBREAMENTO
650 _aRENDIMENTO
773 0 _tRevista Brasileira de Ciencia do Solo (Brazil)
_xISSN 0100-0683
_g(Jan 1984), v. 8(1) p. 145-150
_wBR8401614
909 _a202311
_bLúcia
_c55
_dLúcia Elande
942 _2AGRIS
_n0
_cANA
999 _c114327
_d114327